ბათუმის შოთა რუსთაველის სახელმწიფო უნივერსიტეტის ბიბლიოთეკა

ბუხენვალდი არ უნდა განმეორდეს (ბიბ.ჩანაწერი № 49812)

000 -LEADER
fixed length control field 00869nam a2200217Ia 4500
001 - CONTROL NUMBER
control field 16747
003 - CONTROL NUMBER IDENTIFIER
control field GE_BSU
008 - FIXED-LENGTH DATA ELEMENTS--GENERAL INFORMATION
fixed length control field 181216s||||||||xx |||||||||||||| ||und||
040 ## - CATALOGING SOURCE
Transcribing agency GE_BSU
080 ## - UNIVERSAL DECIMAL CLASSIFICATION NUMBER
Universal Decimal Classification number 321.64:179.8 + 94(100)"1939-1945
100 ## - MAIN ENTRY--PERSONAL NAME
Personal name თავაძე, იერემია
245 ## - TITLE STATEMENT
Title ბუხენვალდი არ უნდა განმეორდეს
245 ## - TITLE STATEMENT
Statement of responsibility, etc. რედ.ლ.ბეჟანიძე. მხ.თ.დიასამიძე
260 ## - PUBLICATION, DISTRIBUTION, ETC.
Place of publication, distribution, etc. თბილისი
260 ## - PUBLICATION, DISTRIBUTION, ETC.
Name of publisher, distributor, etc. საბჭ. აჭარა
260 ## - PUBLICATION, DISTRIBUTION, ETC.
Date of publication, distribution, etc. 1973
300 ## - PHYSICAL DESCRIPTION
Extent 137გვ. : ილ.19სმ
653 ## - INDEX TERM--UNCONTROLLED
Uncontrolled term ბუხენვალდი არ უნდა განმეორდეს
653 ## - INDEX TERM--UNCONTROLLED
Uncontrolled term საკონცენტრაციო ბანაკები; მეორე მსოფლიო ომი;
942 ## - ADDED ENTRY ELEMENTS (KOHA)
Koha item type წიგნი
ეგზემპლარები
Withdrawn status Lost status Damaged status Not for loan Date acquired Barcode Date last seen Price effective from Koha item type
        2018-12-17 22212 2018-12-17 2018-12-17 წიგნი
        2018-12-17 22213 2018-12-17 2018-12-17 წიგნი
        2018-12-17 22214 2018-12-17 2018-12-17 წიგნი